Effect of Nitrogen, Givverellic Acid and Ethrel on Growth, Yield and Quality of Cape-Gooseberry (Physalis Peruviana L.) (Record no. 50185)
[ view plain ]
| 000 -LEADER | |
|---|---|
| fixed length control field | 00487nam a22001697a 4500 |
| 003 - CONTROL NUMBER IDENTIFIER | |
| control field | OSt |
| 008 - FIXED-LENGTH DATA ELEMENTS--GENERAL INFORMATION | |
| fixed length control field | 260425b |||||||| |||| 00| 0 eng d |
| 082 ## - DEWEY DECIMAL CLASSIFICATION NUMBER | |
| Classification number | 634.725 |
| Item number | A28E |
| 100 ## - MAIN ENTRY--PERSONAL NAME | |
| Personal name | Alam, Md. Izhar |
| 245 ## - TITLE STATEMENT | |
| Title | Effect of Nitrogen, Givverellic Acid and Ethrel on Growth, Yield and Quality of Cape-Gooseberry (Physalis Peruviana L.) |
| 260 ## - PUBLICATION, DISTRIBUTION, ETC. (IMPRINT) | |
| Place of publication, distribution, etc | Pusa, Samastipur |
| Name of publisher, distributor, etc | RAU |
| Date of publication, distribution, etc | 2004 |
| 300 ## - PHYSICAL DESCRIPTION | |
| Extent | 46P. |
| 502 ## - DISSERTATION NOTE | |
| Degree type | Msc. |
| Year degree granted | 2004 |
| 650 ## - SUBJECT ADDED ENTRY--TOPICAL TERM | |
| Topical term or geographic name as entry element | Horticulture |
| 650 ## - SUBJECT ADDED ENTRY--TOPICAL TERM | |
| Topical term or geographic name as entry element | Msc. |
| 942 ## - ADDED ENTRY ELEMENTS (KOHA) | |
| Source of classification or shelving scheme | |
| Koha item type | Thesis |
| Withdrawn status | Lost status | Source of classification or shelving scheme | Damaged status | Not for loan | Home library | Current library | Date acquired | Total Checkouts | Full call number | Barcode | Date last seen | Bill Date | Koha item type |
|---|---|---|---|---|---|---|---|---|---|---|---|---|---|
| Dr. Rajendra Prasad Central Agricultural University Pusa, | Dr. Rajendra Prasad Central Agricultural University Pusa, | 25/04/2026 | 634.725 A28E | 53268 | 25/04/2026 | 25/04/2026 | Thesis |